Формирование концепта политической реальности в неклассической философии; Известия Томского политехнического университета [Известия ТПУ]; Т. 313, № 6: Экономика. Философия, социология и культурология
| Parent link: | Известия Томского политехнического университета [Известия ТПУ]/ Томский политехнический университет (ТПУ).— , 2000- Т. 313, № 6: Экономика. Философия, социология и культурология.— 2008.— [С. 109-112] |
|---|---|
| Autor principal: | |
| Sumari: | Заглавие с титульного листа Электронная версия печатной публикации Статья посвящена анализу процесса формирования концепта политической реальности в неклассической философии. Дается определение базовой категории "реальность" посредством соотнесения ее с тождественными философскими дефинициями. Показано многообразие представлений о политической реальности в философских концепциях ХХ в. Охарактеризовано соотношение между социальной и политической реальностью человека. |
| Idioma: | rus |
| Publicat: |
2008
|
| Col·lecció: | Философия, социология и культурология |
| Matèries: | |
| Accés en línia: | http://www.lib.tpu.ru/fulltext/v/Bulletin_TPU/2008/v313/i6/24.pdf |
| Format: | MixedMaterials Electrònic Capítol de llibre |
| KOHA link: | https://koha.lib.tpu.ru/cgi-bin/koha/opac-detail.pl?biblionumber=173733 |
MARC
| LEADER | 00000nla2a2200000 4500 | ||
|---|---|---|---|
| 001 | 173733 | ||
| 005 | 20231031164518.0 | ||
| 035 | |a (RuTPU)RU\TPU\book\188414 | ||
| 035 | |a RU\TPU\book\188413 | ||
| 090 | |a 173733 | ||
| 100 | |a 20091230d2008 k y0rusy50 ca | ||
| 101 | 0 | |a rus | |
| 102 | |a RU | ||
| 135 | |a drnn ---uucaa | ||
| 181 | 0 | |a i | |
| 182 | 0 | |a b | |
| 200 | 1 | |a Формирование концепта политической реальности в неклассической философии |b Электронный ресурс |f М. А. Штанько | |
| 203 | |a Текст |c электронный | ||
| 215 | |a 1 файл (123 Кб) | ||
| 225 | 1 | |a Философия, социология и культурология | |
| 230 | |a Электронные текстовые данные (1 файл : 123 Кб) | ||
| 300 | |a Заглавие с титульного листа | ||
| 300 | |a Электронная версия печатной публикации | ||
| 320 | |a [Библиогр.: с. 112 (18 назв.)] | ||
| 330 | |a Статья посвящена анализу процесса формирования концепта политической реальности в неклассической философии. Дается определение базовой категории "реальность" посредством соотнесения ее с тождественными философскими дефинициями. Показано многообразие представлений о политической реальности в философских концепциях ХХ в. Охарактеризовано соотношение между социальной и политической реальностью человека. | ||
| 337 | |a Adobe Reader | ||
| 461 | 1 | |0 (RuTPU)RU\TPU\book\176237 |t Известия Томского политехнического университета [Известия ТПУ] |f Томский политехнический университет (ТПУ) |d 2000- | |
| 463 | 1 | |0 (RuTPU)RU\TPU\book\188386 |x 1684-8519 |t Т. 313, № 6: Экономика. Философия, социология и культурология |v [С. 109-112] |d 2008 |p 189 с. | |
| 610 | 1 | |a политическая реальность | |
| 610 | 1 | |a неклассическая философия | |
| 610 | 1 | |a философские концепции | |
| 610 | 1 | |a 20 век | |
| 610 | 1 | |a социальная реальность | |
| 610 | 1 | |a человек | |
| 610 | 1 | |a мир | |
| 610 | 1 | |a действительность | |
| 610 | 1 | |a социум | |
| 610 | 1 | |a политика | |
| 610 | 1 | |a опыт | |
| 610 | 1 | |a труды учёных ТПУ | |
| 610 | 1 | |a электронный ресурс | |
| 700 | 1 | |a Штанько |b М. А. |c философ |c доцент Томского политехнического университета, кандидат философских наук |f 1976- |g Марина Александровна |2 stltpush |3 (RuTPU)RU\TPU\pers\25569 | |
| 801 | 1 | |a RU |b 63413507 |c 20090623 |g PSBO | |
| 801 | 2 | |a RU |b 63413507 |c 20211210 |g PSBO | |
| 856 | 4 | |u http://www.lib.tpu.ru/fulltext/v/Bulletin_TPU/2008/v313/i6/24.pdf | |
| 942 | |c CF | ||